000 00515nam a2200169Ia 4500
008 240428s9999||||xx |||||||||||||| ||und||
020 _a9780691617152
041 _aeng
082 _a321.8D
100 _aDodd L.
245 0 _aCoalitions in parliamentary government
260 _bPrinceton University Press
_aprinceton, new jersey
_c1976
300 _axx, 283p, tabs, illus
650 _aCabinet system. - Coalition governments. - POLITICAL SCIENCE -- Political Ideologies -- Democ
942 _cBK
999 _c468
_d468